Most Observed Mammals in the USA - Statistics

General Stats
  • This quiz has been taken 39 times
  • The average score is 16 of 50
Answer Stats
# of obs.
Family Answer % Correct
28k Ursidae American Black Bear
85%
15k Felidae Domestic Cat
79%
59k Canidae Coyote
68%
14k Cervidae Moose
68%
24k Felidae Bobcat
62%
73k Procyonidae Common Raccoon
62%
36k Sciuridae Eastern Chipmunk
62%
24k Cervidae Elk
62%
31k Didelphidae Virginia Opossum
59%
10k Bovidae American Bison
56%
29k Castoridae American Beaver
53%
18k Mephitidae Striped Skunk
53%
156k Cervidae White-tailed Deer
50%
20k Sciuridae American Red Squirrel
47%
7k Delphinidae Common Bottlenose Dolphin
47%
21k Sciuridae Groundhog
44%
26k Canidae Red Fox
44%
5k Balaenopteridae Humpback Whale
41%
82k Cervidae Mule Deer
41%
13k Bovidae Bighorn Sheep
38%
11k Antilocapridae Pronghorn
38%
18k Dasypodidae Nine-banded Armadillo
35%
16k Otariidae California Sea Lion
32%
6k Mustelidae American Mink
29%
8k Suidae Wild Boar
29%
13k Mustelidae North American River Otter
26%
6k Soricidae Northern Short-tailed Shrew
26%
17k Canidae Gray Fox
24%
8k Geomyidae Botta's Pocket Gopher
21%
143k Sciuridae Eastern Gray Squirrel
21%
10k Erethizontidae North American Porcupine
21%
7k Mustelidae Sea Otter
21%
16k Cricetidae Muskrat
18%
18k Phocidae Harbor Seal
15%
83k Sciuridae Fox Squirrel
12%
11k Sciuridae Western Gray Squirrel
12%
8k Sciuridae Black-tailed Prairie Dog
9%
74k Leporidae Eastern Cottontail
9%
6k Phocidae Northern Elephant Seal
9%
5k Echimyidae Nutria
9%
12k Leporidae Black-tailed Jackrabbit
6%
9k Sciuridae Yellow-bellied Marmot
6%
33k Sciuridae California Ground Squirrel
3%
29k Leporidae Desert Cottontail
3%
6k Sciuridae Douglas' Squirrel
3%
7k Leporidae Brush Rabbit
0%
5k Tayassuidae Collared Peccary
0%
10k Sciuridae Golden-mantled Ground Squirrel
0%
5k Leporidae Marsh Rabbit
0%
9k Sciuridae Rock Squirrel
0%
No matching quizzes found
Score Distribution
Percent of People with Each Score
Percentile by Number Answered
Your Score History
You have not taken this quiz